000
00253nam a22000857a 4500
008
160912b xxu||||| |||| 00| 0 eng d
100
_9
365
_a
Batra S.K
245
_a
Together with Mathematics with Solution-X
260
_a
New Delhi
_b
Rachna Sagar publication
_c
1999
999
_c
3023
_d
3023